Follow that Line: Signs Quiz Stats

 Plays Quiz not verified by Sporcle

Challenge
Share
Tweet
Score 0/22 Timer 06:00
0 Plays Today
% Correct
It has dust in it
88.6%
Got the bat at home on the wall
86%
Because they seem to have trouble with pantry doors
85.4%
I found one of them in there and I locked him in
84.1%
It's a code
82.9%
To swing away
81.6%
Don't touch him! Give him a minute
78.1%
Felt wrong not to swing
77.1%
Make sure things are all clear
76.8%
Explain 'act crazy'
75.6%
People become obsessed
75.2%
% Correct
We already took some of your friends downtown in a paddy wagon
73%
Ahh! I'm insane with anger
72.4%
Can I have a glass of water
71.1%
Caroline. Is this the last time I'm going to speak with my wife
66.7%
I told you
66%
I'm not done asking questions. And I don't appreciate sarcasm
65.1%
Sounds made-up
60.6%
Nerds were doin' it twenty five years ago and new nerds are doing it again
57.8%
They're trying to sell sodas! It's plain and simple
53.7%
They'll find a way in
43.5%
What else does it say
40.6%

You're not logged in!

Compare scores with friends on all Sporcle quizzes.
Join for Free
OR
Log In

You Might Also Like...

Show Comments

Extras

Top Quizzes Today


Score Distribution

Your Account Isn't Verified!

In order to create a playlist on Sporcle, you need to verify the email address you used during registration. Go to your Sporcle Settings to finish the process.

Report this User

Report this user for behavior that violates our Community Guidelines.

Details: